[Event "COL-ch U16"]
[Site "Villavicencio"]
[Date "2022.05.12"]
[Round "2"]
[White "Beltran, Oscar Sebastian"]
[Black "Cotes Ontibon, Anibal Santiago"]
[Result "0-1"]
[WhiteElo "1473"]
[BlackElo "1319"]
[PlyCount "88"]
[EventDate "2022.05.11"]
[EventType "swiss"]
[EventRounds "9"]
[EventCountry "COL"]
[SourceTitle "CBM 208 Extra"]
[Source "ChessBase"]
[SourceDate "2022.07.31"]
[SourceVersion "1"]
[SourceVersionDate "2022.07.31"]
[SourceQuality "1"]

1. d4 d5 2. Nf3 e6 3. e3 c5 4. c3 Nc6 5. Bd3 Nf6 6. Nbd2 Be7 7. 0-0 0-0 8. e4 dxe4 9. Nxe4 cxd4 10. Nxf6+ Bxf6 11. cxd4 Nxd4 12. Nxd4 Bxd4 13. Qc2 g6 14. Bh6 Bg7 15. Bxg7 Kxg7 16. Rad1 Qe7 17. Rfe1 b6 18. Re3 Bb7 19. Rh3 Rac8 20. Qd2 Kg8 21. Qh6 f5 22. Re1 Rfd8 23. Rhe3 Bd5 24. a3 Qg7 25. Qf4 Qxb2 26. Qg5 Qg7 27. h4 Rd7 28. f3 Rdc7 29. Ba6 Rf8 30. Qf4 Re7 31. Bc4 Bxc4 32. Qxc4 Rfe8 33. Rxe6 Rxe6 34. Rxe6 Rxe6 35. Qxe6+ Qf7 36. Qc8+ Kg7 37. Qc3+ Kf8 38. Qh8+ Ke7 39. Qe5+ Kd7 40. Qb8 Kc6 41. Qc8+ Kb5 42. Qc3 Qc4 43. Qg7 Qxh4 44. Qd7+ Ka6 0-1